[Event "OeISM_Rapid_u12_Girls"]
[Site "AUT_girls_U12"]
[Date "2020.12.13"]
[Round "7"]
[White "Leefke Giselbrecht"]
[Black "Athene"]
[Result "1-0"]
[WhiteElo "1393"]
[BlackElo "1478"]
[Annotator "NA"]
[PlyCount "103"]
[EventDate "2020.12.13"]
[EventType "blitz"]

1. e4 {[%emt 0:00:03]} e5 {[%emt 0:00:06]} 2. Bc4 {[%emt 0:00:03]} Nf6 {[%emt 0:00:03]} 3. d3 {[%emt 0:00:02]} Nc6 {[%emt 0:00:03]} 4. Nf3 {[%emt 0:00:03]} Bc5 {[%emt 0:00:03]} 5. O-O {[%emt 0:00:03]} d6 {[%emt 0:00:02]} 6. c3 {[%emt 0:00:02]} Bg4 {[%emt 0:00:03]} 7. Nbd2 {[%emt 0:00:03]} a6 {[%emt 0:00:06]} 8. Bb3 {[%emt 0:00:03]} b5 {[%emt 0:00:08]} 9. Re1 {[%emt 0:00:10]} O-O {[%emt 0:00:05]} 10. Nf1 {[%emt 0:00:03]} Na5 {[%emt 0:00:20]} 11. Bc2 {[%emt 0:00:03]} h6 {[%emt 0:00:14]} 12. b4 {[%emt 0:00:04]} Bxf2+ {[%emt 0:00:10]} 13. Kxf2 {[%emt 0:00:05]} Nc6 {[%emt 0:00:01]} 14. Kg1 {[%emt 0:00:04]} Qd7 {[%emt 0:00:07]} 15. Ng3 {[%emt 0:00:02]} Rae8 {[%emt 0:00:29]} 16. h3 {[%emt 0:00:05]} Bh5 {[%emt 0:00:03]} 17. Rf1 {[%emt 0:00:10]} Bg6 {[%emt 0:00:03]} 18. Bb3 {[%emt 0:00:12]} d5 {[%emt 0:00:06]} 19. exd5 {[%emt 0:00:03]} Nxd5 {[%emt 0:00:02]} 20. Qc2 {[%emt 0:00:17]} Re6 {[%emt 0:00:17]} 21. Qd2 {[%emt 0:00:30]} Rf6 {[%emt 0:00:08]} 22. Bb2 {[%emt 0:00:04]} Re8 {[%emt 0:00:08]} 23. Rae1 {[%emt 0:00:07]} Qd6 {[%emt 0:00:08]} 24. Nh4 {[%emt 0:00:52]} Rxf1+ {[%emt 0:00:13]} 25. Rxf1 {[%emt 0:00:05]} Bh7 {[%emt 0:00:16]} 26. Nhf5 {[%emt 0:00:20]} Qd7 {[%emt 0:00:28]} 27. c4 {[%emt 0:00:07]} Nf4 {[%emt 0:00:20]} 28. d4 {[%emt 0:00:37]} Bxf5 {[%emt 0:00:49]} 29. Nxf5 {[%emt 0:00:11]} Qxf5 {[%emt 0:00:04]} 30. dxe5 {[%emt 0:00:07]} Nxe5 {[%emt 0:00:05]} 31. Bxe5 {[%emt 0:00:08]} Rxe5 {[%emt 0:00:00]} 32. Qxf4 {[%emt 0:00:09]} Qxf4 {[%emt 0:00:09]} 33. Rxf4 {[%emt 0:00:02]} Re1+ {[%emt 0:00:02]} 34. Kh2 {[%emt 0:00:02]} g5 {[%emt 0:00:12]} 35. Rf6 {[%emt 0:00:05]} Kg7 {[%emt 0:00:08]} 36. Rxa6 {[%emt 0:00:10]} bxc4 {[%emt 0:00:01]} 37. Bxc4 {[%emt 0:00:02]} Rb1 {[%emt 0:00:04]} 38. b5 {[%emt 0:00:05]} f6 {[%emt 0:00:05]} 39. Ra7 {[%emt 0:00:04]} Kg6 {[%emt 0:00:13]} 40. Bd3+ {[%emt 0:00:05]} f5 {[%emt 0:00:03]} 41. Bxb1 {[%emt 0:00:02]} c6 {[%emt 0:00:02]} 42. b6 {[%emt 0:00:03]} g4 {[%emt 0:00:00]} 43. hxg4 {[%emt 0:00:03]} Kg5 {[%emt 0:00:04]} 44. b7 {[%emt 0:00:02]} f4 {[%emt 0:00:00]} 45. b8=Q {[%emt 0:00:03]} h5 {[%emt 0:00:00]} 46. Qg8+ {[%emt 0:00:02]} Kf6 {[%emt 0:00:04]} 47. Qg6+ {[%emt 0:00:06]} Ke5 {[%emt 0:00:02]} 48. Ra5+ {[%emt 0:00:05]} Kd4 {[%emt 0:00:00]} 49. Qe4+ {[%emt 0:00:03]} Kc3 {[%emt 0:00:02]} 50. Ra3+ {[%emt 0:00:02]} Kd2 {[%emt 0:00:00]} 51. Qe2+ {[%emt 0:00:03]} Kc1 {[%emt 0:00:00]} 52. Qc2# {[%emt 0:00:03] Mate Mate} 1-0

[Event "OeISM_Rapid_u12_Girls"]
[Site "AUT_girls_U12"]
[Date "2020.12.13"]
[Round "7"]
[White "Orchidee14"]
[Black "LBchessqueen"]
[Result "0-1"]
[WhiteElo "1364"]
[BlackElo "1607"]
[Annotator "NA"]
[PlyCount "52"]
[EventDate "2020.12.13"]
[EventType "blitz"]

1. e4 {[%emt 0:00:05]} c5 {[%emt 0:00:04]} 2. Nf3 {[%emt 0:00:03]} d6 {[%emt 0:00:02]} 3. Nc3 {[%emt 0:00:03]} g6 {[%emt 0:00:02]} 4. Bb5+ {[%emt 0:00:04]} Bd7 {[%emt 0:00:02]} 5. Bxd7+ {[%emt 0:00:04]} Nxd7 {[%emt 0:00:01]} 6. O-O {[%emt 0:00:07]} Bg7 {[%emt 0:00:02]} 7. d4 {[%emt 0:00:04]} cxd4 {[%emt 0:00:02]} 8. Nxd4 {[%emt 0:00:04]} Qb6 {[%emt 0:00:18]} 9. Nce2 {[%emt 0:00:06]} Ngf6 {[%emt 0:00:08]} 10. Bg5 {[%emt 0:00:16]} O-O {[%emt 0:00:05]} 11. Bxf6 {[%emt 0:00:07]} Bxf6 {[%emt 0:00:07]} 12. Nf3 {[%emt 0:00:18]} Qxb2 {[%emt 0:00:14]} 13. Rb1 {[%emt 0:00:03]} Qxa2 {[%emt 0:00:02]} 14. Rxb7 {[%emt 0:00:03]} Nc5 {[%emt 0:00:22]} 15. Rb1 {[%emt 0:00:12]} Nxe4 {[%emt 0:00:07]} 16. Nf4 {[%emt 0:00:11]} Nc3 {[%emt 0:00:05]} 17. Nh3 {[%emt 0:00:06]} Nxd1 {[%emt 0:00:03]} 18. Rbxd1 {[%emt 0:00:05]} Qxc2 {[%emt 0:00:05]} 19. Nf4 {[%emt 0:00:11]} Qe4 {[%emt 0:00:11]} 20. Rde1 {[%emt 0:00:04]} Qxf4 {[%emt 0:00:02]} 21. Nh4 {[%emt 0:00:07]} Qxh4 {[%emt 0:00:04]} 22. g3 {[%emt 0:00:04]} Qh3 {[%emt 0:00:06]} 23. Kh1 {[%emt 0:00:15]} Rac8 {[%emt 0:00:26]} 24. Rc1 {[%emt 0:00:05]} Rxc1 {[%emt 0:00:03]} 25. Rxc1 {[%emt 0:00:02]} Kg7 {[%emt 0:00:05]} 26. Rc7 {[%emt 0:00:06]} Qf1# {[%emt 0:00:05] Mate Mate} 0-1